000 00369nam a2200145 a 4500
001 4144
005 20140414131932.0
008 090317s19uu xx 00 eng d
050 _aREF 391
_bH14 2002
100 _aHall, Margaret
245 _aClothes.
260 _aOxford :
_bReed Educational and Professional,
_c2002.
440 _aAround the world
999 _c112282
_d112282